000
00309nam a22001337a 4500
008
180116b xxu||||| |||| 00| 0 eng d
020
_a
0669014656
041
_a
eng
080
_a
330
100
_a
52
101
_a
EKO
245
_a
Benefit-cost analysis: a practical guide
_c
Anderson,L.G
942
_2
udc
_c
BK
999
_c
40350
_d
40350